Lateral thinking posers (Record no. 49330)
[ view plain ]
| 000 -LEADER | |
|---|---|
| fixed length control field | 00340nam a2200145Ia 4500 |
| 008 - FIXED-LENGTH DATA ELEMENTS--GENERAL INFORMATION | |
| fixed length control field | 220805s9999 xx 000 0 und d |
| 020 ## - INTERNATIONAL STANDARD BOOK NUMBER | |
| International Standard Book Number | 9781847325433 |
| 041 ## - LANGUAGE CODE | |
| Language code of text/sound track or separate title | eng |
| 082 ## - DEWEY DECIMAL CLASSIFICATION NUMBER | |
| Classification number | 793.73 |
| 100 ## - MAIN ENTRY--PERSONAL NAME | |
| Personal name | Brecher, Erwin |
| 9 (RLIN) | 89808 |
| 260 ## - PUBLICATION, DISTRIBUTION, ETC. (IMPRINT) | |
| Name of publisher, distributor, etc. | Carlton |
| Date of publication, distribution, etc. | 2010 |
| 245 ## - TITLE STATEMENT | |
| Title | Lateral thinking posers |
| 300 ## - PHYSICAL DESCRIPTION | |
| Extent | 144 |
| 650 ## - SUBJECT ADDED ENTRY--TOPICAL TERM | |
| Topical term or geographic name as entry element | Puzzles |
| 9 (RLIN) | 89809 |
| Withdrawn status | Lost status | Damaged status | Not for loan | Collection code | Home library | Current library | Date acquired | Vendor | Cost, normal purchase price | Total Checkouts | Full call number | Barcode | Date last seen | Bill Date | Koha item type | Original Barcode |
|---|---|---|---|---|---|---|---|---|---|---|---|---|---|---|---|---|
| Manilal Nanavati Vocational Training Institute Pune | Manilal Nanavati Vocational Training Institute Pune | 09/08/2022 | Purchase | 523.00 | 793.73/BRE/B2005 | MNVT-BK-2005 | 09/08/2022 | 09/08/2022 | Books | B2005 |